00449nam a22001577a 450000500170000000800410001704000070005804100120006508200220007710000210009924500430012026000550016330000260021865000240024470000230026820221221145728.0221221b ||||| |||| 00| 0 eng d cAL aEnglish 223a305.892bFISJ aMaurice Fishberg aJews : A Study of race and environment aNew YorkbThe Walter Scott Publishing Co Ltdc1911 a578 p.bHBc18x12 cm. aphysical Characters aFISHBERG (Maurice)